|
|
|
|
| LEADER |
02407nam a2200649 i 4500 |
| 001 |
nkc20162825834 |
| 003 |
CZ PrNK |
| 005 |
20161205133943.0 |
| 007 |
ta |
| 008 |
160808s2016 xr ach e 000 0bcze |
| 015 |
|
|
|a cnb002825834
|
| 020 |
|
|
|a 978-80-270-0282-5
|q (brožováno)
|
| 035 |
|
|
|a (OCoLC)965747386
|
| 040 |
|
|
|a ABA001
|b cze
|e rda
|
| 043 |
|
|
|a e-xr---
|a e-cs---
|
| 045 |
|
|
|a x-x-
|
| 072 |
|
7 |
|a 355/359
|x Vojenství. Obrana země. Ozbrojené síly
|2 Konspekt
|9 15
|
| 072 |
|
7 |
|a 929
|x Biografie
|2 Konspekt
|9 8
|
| 080 |
|
|
|a 929
|2 MRF
|
| 080 |
|
|
|a 355-051
|2 MRF
|
| 080 |
|
|
|a 355.48(100)"1914/1918"
|2 MRF
|
| 080 |
|
|
|a 77-051
|2 MRF
|
| 080 |
|
|
|a (437.3)
|2 MRF
|
| 080 |
|
|
|a (437)
|2 MRF
|
| 080 |
|
|
|a (092)
|2 MRF
|
| 080 |
|
|
|a (093.3)355.48
|2 MRF
|
| 100 |
1 |
|
|a Pastrňák, Milan
|7 mzk2013788554
|4 aut
|
| 245 |
1 |
0 |
|a Bratři Škapovi - legionář a fotograf /
|c napsal a sestavil Milan Pastrňák
|
| 264 |
|
1 |
|a [Václavovice] :
|b [Milan Pastrňák],
|c 2016
|
| 300 |
|
|
|a 122 stran :
|b ilustrace (některé barevné), portréty, faksimile ;
|c 22 cm
|
| 336 |
|
|
|a text
|b txt
|2 rdacontent
|
| 337 |
|
|
|a bez média
|b n
|2 rdamedia
|
| 338 |
|
|
|a svazek
|b nc
|2 rdacarrier
|
| 504 |
|
|
|a Obsahuje bibliografii
|
| 505 |
2 |
|
|a Deník z Ruska / Antonín Škapa
|
| 600 |
1 |
7 |
|a Škapa, Antonín,
|d 1896-1923
|7 jo2016932706
|2 czenas
|
| 600 |
1 |
7 |
|a Škapa, František,
|d 1898-1973
|7 jo2016933896
|2 czenas
|
| 610 |
2 |
7 |
|a Československé legie
|7 kn20020322444
|2 czenas
|
| 648 |
|
7 |
|a 1914-1918
|7 ch460644
|2 czenas
|
| 648 |
|
7 |
|a 1914-1920
|7 ch500555
|2 czenas
|
| 648 |
|
7 |
|a 20. století
|7 ch460558
|2 czenas
|
| 650 |
0 |
7 |
|a legionáři
|7 ph122227
|z Československo
|y 1914-1920
|2 czenas
|
| 650 |
0 |
7 |
|a první světová válka (1914-1918)
|7 ph126327
|2 czenas
|
| 650 |
0 |
7 |
|a fotografové
|7 ph120335
|z Česko
|y 20. století
|2 czenas
|
| 650 |
0 |
9 |
|a legionaries
|z Czechoslovakia
|y 1914-1920
|2 eczenas
|
| 650 |
0 |
9 |
|a World War (1914-1918)
|2 eczenas
|
| 650 |
0 |
9 |
|a photographers
|z Czechia
|y 20th century
|2 eczenas
|
| 655 |
|
7 |
|a biografie
|7 fd131909
|2 czenas
|
| 655 |
|
7 |
|a válečné deníky
|7 fd118625
|2 czenas
|
| 655 |
|
9 |
|a biography
|2 eczenas
|
| 655 |
|
9 |
|a war diaries
|2 eczenas
|
| 700 |
1 |
2 |
|a Škapa, Antonín,
|d 1896-1923.
|t Deník z Ruska
|
| 910 |
2 |
|
|a BOA001
|b 2-1379.039
|
| 990 |
|
|
|a BK
|
| 995 |
|
|
|a 01
|
| 991 |
|
|
|b 201612
|c NOV
|
| 996 |
6 |
|
|b 2610689416
|c 2-1379.039
|l MZK
|r Sklad / do 1 hodiny
|n 0
|p p.v.
|w 001590096
|u 000010
|a 1
|e BOA001
|j MZK50
|s P
|